Statistics for The National League North/South Quiz

Click here to take the quiz!

General Stats

  • This quiz has been taken 26 times
    (11 since last reset)
  • The average score is 14 of 44

Answer Stats

Answer% Correct
Darlington
57%
Gloucester City
57%
Hereford
57%
Southport
57%
Spennymoor Town
57%
Billericay Town
43%
Chester
43%
Kidderminster Harriers
43%
York City
43%
AFC Telford United
29%
Alfreton Town
29%
Altrincham
29%
Bath City
29%
Blyth Spartans
29%
Boston United
29%
Brackley Town
29%
Bradford Park Avenue
29%
Chelmsford City
29%
Chorley
29%
Concord Rangers
29%
Curzon Ashton
29%
Dartford
29%
Dulwich Hamlet
29%
FC United of Manchester
29%
Guiseley
29%
Hampton & Richmond
29%
Hungerford Town
29%
Leamington
29%
Nuneaton Town
29%
Oxford City
29%
Slough Town
29%
St Albans City
29%
Stockport County
29%
Truro City
29%
Wealdstone
29%
Weston-super-Mare
29%
Woking
29%
Ashton United
14%
Chippenham Town
14%
Eastbourne Borough
14%
East Thurrock United
14%
Hemel Hempstead Town
14%
Torquay United
14%
Welling United
14%

Score Distribution

Percentile by Number Answered

Percent of People with Each Score

Your Score History

You have not taken this quiz since the last reset